Visualizzazione normale
Vista MARC
- Eastwood Clint
di Personal Name
Records bibliografici associati: 1
001 - CONTROL NUMBER
- control field: 40388
003 - CONTROL NUMBER IDENTIFIER
- control field: IT-RoPau
005 - DATE AND TIME OF LATEST TRANSACTION
- control field: 20151126150940.0
008 - FIXED-LENGTH DATA ELEMENTS
- fixed length control field: 151126|| aca||aabn | a|a d
040 ## - CATALOGING SOURCE
- Original cataloging agency: IT-RoPau
- Transcribing agency: IT-RoPau
100 ## - HEADING--PERSONAL NAME
- Personal name: Eastwood Clint
- Miscellaneous information: Codice regista SPICS: 45075
670 ## - SOURCE DATA FOUND
- Source citation: Work cat.: (IT-RoPau)105258: Eastwood Clint Codice regista SPICS: 45075, GRAN TORINO GRAN TORINO (Rif. Codice opera principale : H9487)